Market forecast (Record no. 81189)

MARC details
000 -LEADER
fixed length control field 01202cab a22002415a 4500
001 - CONTROL NUMBER
control field L146567
008 - FIXED-LENGTH DATA ELEMENTS--GENERAL INFORMATION
fixed length control field 090204e20090130xxkdo f s 000 0 eng d
035 ## - SYSTEM CONTROL NUMBER
System control number (Sirsi) u146567
041 0# - LANGUAGE CODE
Language code of text/sound track or separate title eng
100 1# - MAIN ENTRY--PERSONAL NAME
Personal name Fordham, Peter
245 00 - TITLE STATEMENT
Title Market forecast
Remainder of title two years to go...
260 ## - PUBLICATION, DISTRIBUTION, ETC.
Date of publication, distribution, etc. 2008
490 #0 - SERIES STATEMENT
Series statement Building
Volume/sequential designation 274 (8564) 30 January 2009, 54-56 (3)
520 ## - SUMMARY, ETC.
Summary, etc. Davis Langdon's Tender Price Index for the last quarter of 2008 reveals that prices fell considerably in the UK during this period of time. Prices are expected to fall over the two next years. The Building Cost Index increased by 7.4% over the year to the fourth quarter of 2008, and the rate of interest in the Retail Prices Index fell to 0.9% in December 2008. Contains general trends and forecasts for the construction industry, including materials prices and market characteristics, outputs and orders, labour costs. Develops the key issues for 2009.
590 ## - LOCAL NOTE (RLIN)
Local note KA
650 24 - SUBJECT ADDED ENTRY--TOPICAL TERM
Topical term or geographic name entry element DAVIS LANGDON TENDER PRICE INDEX
650 24 - SUBJECT ADDED ENTRY--TOPICAL TERM
Topical term or geographic name entry element BUILDING COST INDEX
650 24 - SUBJECT ADDED ENTRY--TOPICAL TERM
Topical term or geographic name entry element CREDIT CRUNCH
651 #4 - SUBJECT ADDED ENTRY--GEOGRAPHIC NAME
Geographic name United Kingdom
Chronological subdivision
690 ## - LOCAL SUBJECT ADDED ENTRY--TOPICAL TERM (OCLC, RLIN)
Topical term or geographic name as entry element BUILT ENVIRONMENT-CONSTRUCTION MARKET
700 1# - ADDED ENTRY--PERSONAL NAME
Personal name Baldauf-Cunnington, Maren
942 ## - ADDED ENTRY ELEMENTS (KOHA)
Suppress in OPAC 0
Holdings
Withdrawn status Lost status Source of classification or shelving scheme Damaged status Not for loan Home library Current library Shelving location Date acquired Total Checkouts Full call number Barcode Date last seen Copy number Price effective from Koha item type
    Dewey Decimal Classification     London London Journal article 04/02/2009   L146567 146567-1001 06/08/2019 1 06/08/2019 Journal article